000 00550nam a2200205Ia 4500
003 3228
005 20260526113330.0
008 220630s9999 xx 000 0 und d
020 _a9780241380505 (paperback)
040 _aMPL
_bEnglish
_c3228
_erda
082 _aJ 938 ANCI
245 0 _aAncient greece /
260 _aLondon:
_bDorling Kindersley;
_c2014.
300 _a48 Pages;
_bColour illustrations,
_c27.5 cm.
490 _aEye witness
500 _aIncludes index
521 _aAdult
650 _xHistory & Geography
942 _cBK
_2ddc
_w162
_xElsie Maluleke
_y162
_zElsie Maluleke
999 _c798536
_d798535